Clergy Killers : (Record no. 53145)
[ view plain ]
| 000 -LEADER | |
|---|---|
| fixed length control field | 00952nam a2200169Ia 4500 |
| 008 - FIXED-LENGTH DATA ELEMENTS--GENERAL INFORMATION | |
| fixed length control field | 240614s9999 xx 000 0 und d |
| 020 ## - INTERNATIONAL STANDARD BOOK NUMBER | |
| International Standard Book Number | 97806642575380664257534 |
| 041 ## - LANGUAGE CODE | |
| Language code of text/sound track or separate title | eng |
| 050 ## - LIBRARY OF CONGRESS CALL NUMBER | |
| Classification number | BV4398 |
| Item number | .R4 1997 |
| 100 ## - MAIN ENTRY--PERSONAL NAME | |
| Personal name | Rediger, G. Lloyd |
| 245 #0 - TITLE STATEMENT | |
| Title | Clergy Killers : |
| Remainder of title | Guidance for Pastors and Congregations under Attack / |
| Statement of responsibility, etc. | G. Lloyd Rediger |
| 260 ## - PUBLICATION, DISTRIBUTION, ETC. | |
| Place of publication, distribution, etc. | Louisville, Ky. : |
| Name of publisher, distributor, etc. | Westminster J. Knox Press, |
| Date of publication, distribution, etc. | 1997 |
| 300 ## - PHYSICAL DESCRIPTION | |
| Extent | vii, 200 p. : |
| Other physical details | ill. ; |
| Dimensions | 22 cm. |
| 505 ## - FORMATTED CONTENTS NOTE | |
| Formatted contents note | Clergy killers -- Clergy killer context -- Collateral damage -- Is conflict in the church normal? -- Types of conflict -- Normal conflict -- Abnormal conflict -- Spiritual conflict -- Killer clergy -- Why people act like they do -- Managing the clergy killer phenomenon -- Building support systems -- Pastoral fitness -- Healthy congregations. |
| 650 ## - SUBJECT ADDED ENTRY--TOPICAL TERM | |
| Topical term or geographic name entry element | Clergy—Abuse of.Church controversies.Conflict management—Religious aspects—Christianity. |
| Withdrawn status | Lost status | Damaged status | Not for loan | Home library | Current library | Shelving location | Date acquired | Total Checkouts | Full call number | Barcode | Date last seen | Price effective from | Koha item type |
|---|---|---|---|---|---|---|---|---|---|---|---|---|---|
| GETS Theological Seminary Library | GETS Theological Seminary Library | 06/14/2024 | BV4398 .R4 1997 | 00034011 | 06/14/2024 | 06/14/2024 | English Books |